The comparison of liquid bio-slurry and rice husk biochar application on dai neang chili pepper's yield at royal university of agriculture; ប្រៀបធៀបការប្រើប្រាស់ជីឡជីវឧស្ម័នរាវ និងជីវធ្យូងអង្កាមទៅលើទិន្នផលដំណាំម្ទេសដៃនាង នៅសាកលវិទ្យាល័យភូមិន្ទកសិកម្ម (Record no. 9358)

000 -LEADER
fixed length control field 00767nam a22001337a 4500
040 ## - CATALOGING SOURCE
Transcribing agency RUA
082 ## - DEWEY DECIMAL CLASSIFICATION NUMBER
Classification number AGE HON 2015 B515 Or.
100 ## - MAIN ENTRY--AUTHOR NAME
Personal name HONG SOTH; ហុង សុត
245 ## - TITLE STATEMENT
Title The comparison of liquid bio-slurry and rice husk biochar application on dai neang chili pepper's yield at royal university of agriculture; ប្រៀបធៀបការប្រើប្រាស់ជីឡជីវឧស្ម័នរាវ និងជីវធ្យូងអង្កាមទៅលើទិន្នផលដំណាំម្ទេសដៃនាង នៅសាកលវិទ្យាល័យភូមិន្ទកសិកម្ម
260 ## - PUBLICATION, DISTRIBUTION, ETC. (IMPRINT)
Place of publication RUA
Name of publisher Phnom Penh
Year of publication 2015
300 ## - PHYSICAL DESCRIPTION
Number of Pages xiii; 60p.
Other physical details ill.
Dimensions 29cm.
856 ## - ELECTRONIC LOCATION AND ACCESS
Uniform Resource Identifier HONG SOTH
942 ## - ADDED ENTRY ELEMENTS (KOHA)
Koha item type AGE
952 ## - LOCATION AND ITEM INFORMATION (KOHA)
Withdrawn status [LOCAL, KOHA] 0
952 ## - LOCATION AND ITEM INFORMATION (KOHA)
Withdrawn status [LOCAL, KOHA] 0
952 ## - LOCATION AND ITEM INFORMATION (KOHA)
Withdrawn status [LOCAL, KOHA] 0
952 ## - LOCATION AND ITEM INFORMATION (KOHA)
Withdrawn status [LOCAL, KOHA] 0
952 ## - LOCATION AND ITEM INFORMATION (KOHA)
Withdrawn status [LOCAL, KOHA] 0
952 ## - LOCATION AND ITEM INFORMATION (KOHA)
Withdrawn status [LOCAL, KOHA] 0
Holdings
Koha item type Barcode Lost status Permanent Location Current Location Date acquired Full call number
AGERUA057099 Library Block BLibrary Block B2016-08-31AGE HON 2015 B515 Or.1
AGERUA060343 Library Block BLibrary Block B2016-08-31AGE HON 2015 B515 Or.2
AGERUA057695 Library Block BLibrary Block B2016-08-31AGE HON 2015 B515 Or.3
AGERUA061725 Library Block BLibrary Block B2016-08-31AGE HON 2015 B515 Or.4
AGERUA058960 Library Block BLibrary Block B2016-08-31AGE HON 2015 B515 Or.5
AGERUA058983 Library Block BLibrary Block B2016-08-31AGE HON 2015 B515 Or.6
មជ្ឈមណ្ឌលឯការនៃសាកលវិទ្យាល័យភូមិន្ទកសិកម្មចំការដូង

Powered by Koha